000 01111nas a2200277 454500
001 26224
005 20260407193506.0
008 260407s1975####ag###########|||spa#d
003 AR-UNSa-BCEJYS
040 _aAR-UNSa-BCEJYS
_bspa
_cAR-UNSa-BCEJYS
080 _a346
_xDerecho económico. Derecho a la direccion estatal de la economía
245 1 0 _aDerecho empresario
264 1 _aBuenos Aires :
_bEdiciones Contabilidad Moderna
_c1975
310 _aFrecuencia: Mensual
505 _aCambia de Director a partir del Nº 20 por Héctor Alegría y Roberto José Quian Cambia de Director a partir del Nº 36 por Eduardo A. Roca Cambia de Director a partir del Nº 52 por Juan C. Cassagne
942 _cSER
590 _aniveau_biblio:s niveau_hierar:1
100 1 _aChouhy, Adolfo Santiago
700 1 _aCárdenas, Emilio Jorge
700 1 _aKlein, Guillermo Walter (h)
650 _aDerecho
650 _aLegislación económica
650 _aDERECHO COMERCIAL
650 _aECONOMIA
856 4 1 _uhttps://biblioeco.unsa.edu.ar/pmb/images/revistas/Derecho Empresario.jpg
_yImagen de portada
_qimage/jpeg
999 _c8599
_d8599